| 000 | 00607nam a2200181 i 4500 | ||
|---|---|---|---|
| 001 | 128876 | ||
| 003 | ES-MaACL | ||
| 005 | 20230906193359.0 | ||
| 007 | t| | ||
| 008 | 070529s1969 sp ||||1| spa d | ||
| 100 | 1 |
_aTéllez González, Guillermo. _9109641 |
|
| 245 | 1 | 0 |
_aTópicos sobre Toledo / _cGuillermo Téllez González. |
| 260 |
_aToledo : _bGómez Menor, _c1969. |
||
| 300 |
_a27 p. ; _c24 cm. |
||
| 500 | _aEs tirada aparte de "Toletum". Años XXXIX-XLIV. nº 75 al 80. | ||
| 710 | 2 |
_aAcademia de Bellas Artes y Ciencias Históricas de Toledo. _91162 |
|
| 852 |
_aES-MaACL _j2072-F-17 _bR.74684 |
||
| 999 |
_c128876 _d128876 |
||